00881nam a2200265Ia 4500001000900000003000500009005001700014008004100031010001100072020001800083040000900101082002000110100002200130245012000152250001200272260004000284300001700324500009800341504002800439650002500467650002900492700003400521700002800555700003200583dia_1346CHAP20251023153849.0220117s1976 xx 000 0 und d a171894 a968-25-0270-5 cCHAP a616.01 F76 1976 aFrobisher, Martin aMicrobiología /c Martin Frobisher y Robert Fuerst ; traducción Roberto Espinosa Zarza y Jorge O. Ramírez H. a13a ed. aMéxico :b Interamericana,c1976 aviii, 554 p. aEl ejemplar 2 es material fotocopiado \ Título original: Microbiology in health and disease aIncluye bibliografías aMedical microbiology aMicrobiología medica  aEspinosa Zarza, Roberto, tr.  aFuerst, Robert, coaut.  aRamírez H., Jorge O., tr.